Central Library OPAC University of Rajshahi

Strategies of rhetoric : (Record no. 20860)

MARC details
000 -LEADER
fixed length control field 00881cam a2200289 i 4500
001 - CONTROL NUMBER
control field 20860
003 - CONTROL NUMBER IDENTIFIER
rucl marc code BD-RjUL
005 - DATE AND TIME OF LATEST TRANSACTION
control field 20211209000624.0
008 - FIXED-LENGTH DATA ELEMENTS--GENERAL INFORMATION
fixed length control field 140302s1979 ilu 001 0 eng
020 ## - INTERNATIONAL STANDARD BOOK NUMBER
International Standard Book Number 0673151786
035 ## - SYSTEM CONTROL NUMBER
System control number (BD-RjUL)20922
040 ## - CATALOGING SOURCE
Original cataloging agency DLC
Transcribing agency DLC
Modifying agency BD-RjUL
Language of cataloging eng
041 ## - LANGUAGE CODE
Language code of text/sound track or separate title eng
082 00 - DEWEY DECIMAL CLASSIFICATION NUMBER
Classification number 808.042
Author mark and year TIS 1979
100 1# - MAIN ENTRY--PERSONAL NAME
Personal name Tibbetts, A. M.
9 (RLIN) 64430
245 10 - TITLE STATEMENT
Title Strategies of rhetoric :
Remainder of title with handbook /
Statement of responsibility, etc. A.M. Tibbetts, Charlene Tibbetts.
250 ## - EDITION STATEMENT
Edition statement 3rd ed.
260 ## - PUBLICATION, DISTRIBUTION, ETC. (IMPRINT)
Place of publication, distribution, etc. Glenview, Ill. :
Name of publisher, distributor, etc. Scott, Foresman,
Date of publication, distribution, etc. c1979.
300 ## - PHYSICAL DESCRIPTION
Pagination xvii, 425 p. ;
Size 24 cm.
504 ## - BIBLIOGRAPHY, ETC. NOTE
Bibliography, etc Includes index.
650 #0 - SUBJECT ADDED ENTRY--TOPICAL TERM
Topical term or geographic name as entry element English language
General subdivision Rhetoric.
9 (RLIN) 64431
Topical term or geographic name as entry element English language
General subdivision Grammar
Form subdivision Handbooks, manuals, etc.
9 (RLIN) 23595
700 1# - ADDED ENTRY--PERSONAL NAME
Personal name Tibbetts, Charlene,
Relator term joint author.
942 ## - ADDED ENTRY ELEMENTS (KOHA)
Source of classification or shelving scheme Dewey Decimal Classification
Koha item type Books
Holdings
Lost status Source of classification or shelving scheme Damaged status Not for loan Collection code Permanent Location Current Location Shelving location Date acquired Source of acquisition Total Checkouts Full call number Date last seen Copy number Koha item type
  Dewey Decimal Classification   Added to bundle Non-fiction Central Library, University of Rajshahi Central Library, University of Rajshahi Reading Room 20/07/1987 Asia Foundation   808.042 TIS 1979 02/03/2014 C-1 Books
  Dewey Decimal Classification     Non-fiction Central Library, University of Rajshahi Central Library, University of Rajshahi   16/08/1989 Asia Foundation   808.042 TIS 1979 25/10/2016 C-2 Books
  Dewey Decimal Classification     Non-fiction Central Library, University of Rajshahi Central Library, University of Rajshahi   09/02/1991 Asia Foundation , U.S.A.   808.042 TIS 1979 04/12/2019 C-3 Books
  Dewey Decimal Classification     Non-fiction Central Library, University of Rajshahi Central Library, University of Rajshahi   09/02/1991 Asia Foundation , U.S.A.   808.042 TIS 1979 04/12/2019 C-5 Books